000 00427cam a22001337a 4500
008 180718b1998 xxu||||| |||| 00| 0 eng d
082 _aA81x54 91/21/Pt2B
100 _aCensus of India 1991
245 _aRajasthan: primary census abstract
260 _aDelhi
_bThe Controller of Publications
_c1998
300 _a1081p.
440 _aCensus of India 1991. Series-21, Rajasthan. Part II-B
650 _aCensus - India - Rajasthan
999 _c486620
_d486620